000 00478nam a2200169Ia 4500
008 090711s9999 xx 000 0 und d
082 _b1541
100 _aफडके र. उाgऎ
245 _aस्वल्पविराम
260 _c1937
300 _a135
600 _aफडके र. उाgऎ
630 _aस्वल्पविराम
700 _aफडके र. उाgऎ
730 _aस्वल्पविराम
942 _cBOOK
999 _c305038
_d305038